Riconosci il Pokémon - Quiz n°801 - Statistics

Statistiche generali
  • Questo quiz è stato fatto 1 volte
  • Il punteggio medio è 10 su 10
Statistiche sulle risposte
Indizio Riposta % Corretto
Altezza 0,4 m
100%
Tasso di cattura 225 (39.9%)
100%
Sesso 50% ♂, 50% ♀
100%
Peso 6,5 kg
100%
Tipo Acqua
100%
Stadio evoluzione Forma Base
100%
Abilità Ipertaglio; Guscioscudo; Forzabruta
100%
Pokémon Krabby
100%
Tasso di allevamento Medio-Veloce
100%
Generazione Prima
100%
Nessun quiz corrispondente trovato
Distribuzione punteggi
Percentuale di utenti per punteggio
Percentile per numero di risposta
I tuoi punteggi nel tempo
Non hai fatto questo quiz